000 00632nam a2200169Ia 4500
008 130821s1986 ck gr spa
040 _aCo-BoUCM
_bspa
041 0 0 _aspa
100 1 _aArrazola Caicedo, Roberto
_9157604
245 1 0 _aPalenque, primer pueblo libre de América
_cRoberto Arrazola Caicedo.
260 _aBogotá (Colombia)
_bCámara de Representantes
_c1986
300 _a220 páginas
651 4 _aPalenque de San Basilio (Bolívar, Colombia)
_xHistoria
_973959
710 2 _aColombia.
_bCamara de Representantes
_979140
942 _cLIBRO
_a21
_e1
_mA77
_2DEWEY
_h986.861142
999 _c28108
_d28108